[Event "GER-chT U14"]
[Site "Willingen"]
[Date "2022.08.14"]
[Round "4.10"]
[White "Strauss, Florian"]
[Black "Kiefhaber, Tobias"]
[Result "0-1"]
[WhiteElo "1527"]
[BlackElo "1581"]
[PlyCount "56"]
[EventDate "2022.08.13"]
[EventType "team-swiss"]
[EventRounds "7"]
[EventCountry "GER"]
[SourceTitle "EXT 2023"]
[Source "ChessBase"]
[SourceDate "2022.10.05"]
[SourceVersion "1"]
[SourceVersionDate "2022.10.05"]
[SourceQuality "1"]
[WhiteTeam "Ingelheim"]
[BlackTeam "Karlsruhe SF"]
[WhiteTeamCountry "GER"]
[BlackTeamCountry "GER"]

1. e4 c6 2. d4 d5 3. exd5 cxd5 4. Bd3 Nf6 5. h3 g6 6. Bf4 Bf5 7. Bxf5 gxf5 8. Nf3 e6 9. c3 Bd6 10. Bxd6 Qxd6 11. Ne5 Nc6 12. Nd3 Rg8 13. g3 Ne4 14. Rg1 0-0-0 15. Nd2 e5 16. dxe5 Nxe5 17. Nxe5 Qxe5 18. Nf3 Qe7 19. Qe2 Qc5 20. Kf1 Rde8 21. Qc2 Qc4+ 22. Kg2 Nxg3 23. Kh2 Re2 24. Qb1 Rxf2+ 25. Rg2 Rxg2+ 26. Kxg2 Qe2+ 27. Kg1 Nf1+ 28. Kh1 Qg2# 0-1

[Event "GER-chT U14"]
[Site "Willingen"]
[Date "2022.08.13"]
[Round "1.10"]
[White "Kiefhaber, Tobias"]
[Black "Herfurt, Manuel"]
[Result "1/2-1/2"]
[WhiteElo "1581"]
[BlackElo "1656"]
[PlyCount "48"]
[EventDate "2022.08.13"]
[EventType "team-swiss"]
[EventRounds "7"]
[EventCountry "GER"]
[SourceTitle "EXT 2023"]
[Source "ChessBase"]
[SourceDate "2022.10.05"]
[SourceVersion "1"]
[SourceVersionDate "2022.10.05"]
[SourceQuality "1"]
[WhiteTeam "Karlsruhe SF"]
[BlackTeam "Kastellaun"]
[WhiteTeamCountry "GER"]
[BlackTeamCountry "GER"]

1. d4 d5 2. Nf3 Nf6 3. c4 e6 4. Bg5 Be7 5. e3 0-0 6. c5 b6 7. b4 a5 8. Bxf6 Bxf6 9. cxb6 cxb6 10. b5 Nd7 11. a4 Bb7 12. Be2 Rc8 13. Nbd2 Qe7 14. Qb3 Rc7 15. 0-0 Rfc8 16. Ne1 e5 17. dxe5 Bxe5 18. Rd1 Rc3 19. Qb1 Ra3 20. Bd3 Ra1 21. Qxa1 Bxa1 22. Rxa1 Ne5 23. Bf5 Rc7 24. Nef3 g6 1/2-1/2

[Event "GER Pfingstopen U12"]
[Site "Playchess.com INT"]
[Date "2020.06.02"]
[Round "6"]
[White "Skembris, Simon Max"]
[Black "Kiefhaber, Tobias"]
[Result "1-0"]
[WhiteElo "1620"]
[BlackElo "1729"]
[PlyCount "87"]
[EventDate "2020.06.02"]
[EventType "swiss (blitz)"]
[EventRounds "11"]
[EventCountry "GER"]
[SourceTitle "CBM 197 Extra"]
[Source "ChessBase"]
[SourceDate "2020.09.30"]
[SourceVersion "1"]
[SourceVersionDate "2020.09.30"]
[SourceQuality "1"]

1. e4 c6 2. d4 d5 3. e5 Bf5 4. Nc3 e6 5. g4 Bg6 6. h4 h5 7. g5 Bb4 8. Bd2 Ne7 9. a3 Ba5 10. b4 Bb6 11. Be3 Nf5 12. Na4 Nxe3 13. fxe3 Nd7 14. Nc5 Qc7 15. Nf3 Bxc5 16. bxc5 0-0-0 17. Qd2 Be4 18. Be2 f6 19. Rg1 fxe5 20. Rb1 Bxf3 21. Bxf3 exd4 22. exd4 g6 23. Qd3 e5 24. Qxg6 exd4 25. Bxh5 Qe5+ 26. Be2 Nxc5 27. h5 Rde8 28. Rg2 Ne4 29. Qf7 Re7 30. Qf3 Nc3 31. Rb3 Rhe8 32. Rxc3 dxc3 33. g6 Rh8 34. Qg4+ Kb8 35. g7 Rg8 36. h6 Qe3 37. Qg3+ Qxg3+ 38. Rxg3 Rge8 39. Rg2 Rg8 40. h7 Ree8 41. hxg8Q Rxg8 42. Bh5 Kc7 43. Bf7 Rd8 44. g8Q 1-0

[Event "GER Pfingstopen U12"]
[Site "Playchess.com INT"]
[Date "2020.06.02"]
[Round "3"]
[White "Sohoni, Arnav"]
[Black "Kiefhaber, Tobias"]
[Result "1-0"]
[WhiteElo "1620"]
[BlackElo "1729"]
[PlyCount "51"]
[EventDate "2020.06.02"]
[EventType "swiss (blitz)"]
[EventRounds "11"]
[EventCountry "GER"]
[SourceTitle "CBM 197 Extra"]
[Source "ChessBase"]
[SourceDate "2020.09.30"]
[SourceVersion "1"]
[SourceVersionDate "2020.09.30"]
[SourceQuality "1"]

1. e4 c6 2. d4 d5 3. Nc3 dxe4 4. Nxe4 Nf6 5. Qe2 Bf5 6. Nxf6+ gxf6 7. Be3 Nd7 8. Nf3 Qc7 9. g3 Rg8 10. Bf4 Qb6 11. c3 0-0-0 12. a4 Re8 13. a5 Qd8 14. Qa6 Nc5 15. Qxa7 Nd3+ 16. Bxd3 Bxd3 17. Qa8+ Kd7 18. Qxb7+ Ke6 19. Qxc6+ Kf5 20. Nh4+ Kg4 21. Qf3+ Kh3 22. Qg2+ Kg4 23. f3+ Kh5 24. Qh3 e5 25. g4+ Rxg4 26. Qxg4# 1-0

[Event "GER-ch U10"]
[Site "Willingen"]
[Date "2018.05.26"]
[Round "11"]
[White "Kiefhaber, Tobias"]
[Black "Udelnov, Valentin"]
[Result "0-1"]
[WhiteElo "1424"]
[BlackElo "1377"]
[PlyCount "120"]
[EventDate "2018.05.19"]
[EventType "swiss"]
[EventRounds "11"]
[EventCountry "GER"]
[SourceTitle "CBM 184 Extra"]
[Source "ChessBase"]
[SourceDate "2018.06.28"]
[SourceVersion "1"]
[SourceVersionDate "2018.06.28"]
[SourceQuality "1"]

1. d4 Nf6 2. Nf3 g6 3. e3 Bg7 4. Be2 0-0 5. 0-0 d6 6. c4 Nbd7 7. Nc3 c5 8. Re1 a6 9. Bd2 Rb8 10. Rc1 Re8 11. d5 Nh5 12. Ng5 Ne5 13. f4 e6 14. e4 h6 15. fxe5 hxg5 16. exd6 exd5 17. exd5 Bd4+ 18. Kh1 Qf6 19. Rf1 Ng3+ 20. hxg3 Qh8+ 21. Bh5 g4 22. Bg5 Re5 23. Ne2 Rxg5 24. Nxd4 Rxh5+ 25. Kg1 Rh1+ 26. Kf2 Rxf1+ 27. Kxf1 cxd4 28. c5 Qe5 29. c6 Qxd6 30. Qxd4 Qxg3 31. Re1 Bf5 32. Re3 Qc7 33. Rc3 Rd8 34. Qc5 Be4 35. d6 Qxd6 36. c7 Qd1+ 37. Kf2 Rd2+ 38. Kg3 Rxg2+ 39. Kf4 Qf1+ 40. Ke5 Qf5+ 41. Kd4 Rd2+ 42. Kc4 Bd5+ 43. Kb4 Rxb2+ 44. Rb3 a5+ 45. Ka3 Rxb3+ 46. axb3 Be6 47. Qa7 Qe5 48. Ka2 Qxc7 49. Qf2 a4 50. Kb1 axb3 51. Qb2 Qa5 52. Qc3 Bf5+ 53. Kb2 Qa2+ 54. Kc1 Qc2+ 55. Qxc2 bxc2 56. Kd2 g3 57. Ke2 c1Q 58. Kf3 Qe1 59. Kg2 Qf2+ 60. Kh1 Be4# 0-1

[Event "GER-ch U10"]
[Site "Willingen"]
[Date "2018.05.25"]
[Round "10"]
[White "Bongardt, Livius"]
[Black "Kiefhaber, Tobias"]
[Result "1/2-1/2"]
[WhiteElo "1398"]
[BlackElo "1424"]
[PlyCount "119"]
[EventDate "2018.05.19"]
[EventType "swiss"]
[EventRounds "11"]
[EventCountry "GER"]
[SourceTitle "CBM 184 Extra"]
[Source "ChessBase"]
[SourceDate "2018.06.28"]
[SourceVersion "1"]
[SourceVersionDate "2018.06.28"]
[SourceQuality "1"]

1. e4 c6 2. d4 d5 3. e5 Bf5 4. Nf3 e6 5. Nbd2 Nd7 6. Nb3 Ne7 7. Bg5 h6 8. Bh4 Qc7 9. c3 Bh7 10. Rc1 Nf5 11. Bg3 Be7 12. Be2 Rc8 13. 0-0 Qd8 14. c4 h5 15. h3 Nxg3 16. fxg3 Be4 17. Nh2 g6 18. Bf3 Bxf3 19. Qxf3 0-0 20. g4 h4 21. Qf2 Bg5 22. Rc2 f6 23. exf6 Qxf6 24. Qxf6 Bxf6 25. Nf3 Rf7 26. Re1 Nf8 27. g5 Be7 28. cxd5 Bb4 29. Ree2 exd5 30. Nxh4 Rf4 31. g3 Re4 32. Rxe4 dxe4 33. Re2 Re8 34. Ng2 Bd6 35. Kf2 Kg7 36. h4 Nd7 37. Nf4 c5 38. Kg2 cxd4 39. Nxd4 Kh7 40. Nde6 Nc5 41. Nxc5 Bxc5 42. a3 e3 43. b4 Bd4 44. Kf3 Rf8 45. Ke4 Bb6 46. Ra2 Re8+ 47. Kf3 Rf8 48. Ke2 a6 49. Rc2 Rf7 50. a4 Kg7 51. a5 Ba7 52. Rc1 Kh7 53. Rc2 Kg7 54. Nd5 Rf2+ 55. Kd3 Rxc2 56. Kxc2 Bb8 57. g4 Bg3 58. Kd3 Bxh4 59. Kxe3 Bxg5+ 60. Ke4 1/2-1/2

[Event "GER-ch U10"]
[Site "Willingen"]
[Date "2018.05.22"]
[Round "5"]
[White "Kocharin, Timur"]
[Black "Kiefhaber, Tobias"]
[Result "1/2-1/2"]
[WhiteElo "1538"]
[BlackElo "1424"]
[PlyCount "55"]
[EventDate "2018.05.19"]
[EventType "swiss"]
[EventRounds "11"]
[EventCountry "GER"]
[SourceTitle "CBM 184 Extra"]
[Source "ChessBase"]
[SourceDate "2018.06.28"]
[SourceVersion "1"]
[SourceVersionDate "2018.06.28"]
[SourceQuality "1"]

1. e4 c6 2. Nc3 d5 3. Qf3 dxe4 4. Nxe4 Nf6 5. Bc4 Qd4 6. d3 Bg4 7. Nxf6+ gxf6 8. Qe4 Qxe4+ 9. dxe4 Nd7 10. f4 Nb6 11. Bb3 Bd7 12. Be3 e6 13. a4 Bb4+ 14. c3 Bd6 15. a5 Nc8 16. Nf3 a6 17. Bc4 Bc7 18. b4 Nd6 19. Bd3 0-0-0 20. 0-0-0 Kb8 21. g3 Ne8 22. Rd2 e5 23. Bc4 Bg4 24. Nh4 Rxd2 25. Kxd2 Nd6 26. Bd3 Rd8 27. Kc2 Be6 28. Rd1 1/2-1/2

[Event "GER-chT U10"]
[Site "Magdeburg"]
[Date "2017.12.27"]
[Round "1.3"]
[White "Kiefhaber, Tobias"]
[Black "Khachaturyan, Konstantin"]
[Result "1-0"]
[WhiteElo "1370"]
[BlackElo "1024"]
[PlyCount "89"]
[EventDate "2017.12.27"]
[EventType "team-swiss"]
[EventRounds "7"]
[EventCountry "GER"]
[SourceTitle "EXT 2019"]
[Source "ChessBase"]
[SourceDate "2018.10.10"]
[SourceVersion "1"]
[SourceVersionDate "2018.10.10"]
[SourceQuality "1"]
[WhiteTeam "Karlsruhe SF"]
[BlackTeam "Karlsruhe SF II"]
[WhiteTeamCountry "GER"]
[BlackTeamCountry "GER"]

1. d4 d5 2. Nf3 Nf6 3. c4 e6 4. Bg5 Be7 5. Nc3 Nbd7 6. e3 a6 7. Be2 0-0 8. 0-0 h6 9. Bh4 Ne4 10. Bxe7 Nxc3 11. Bxd8 Nxd1 12. cxd5 Rxd8 13. dxe6 Nxe3 14. exf7+ Kxf7 15. fxe3 Re8 16. Ne5+ Kg8 17. Bc4+ Kh7 18. Bd3+ Kg8 19. Ng6 Nf6 20. e4 Bd7 21. e5 Nd5 22. Bc4 c6 23. Rf2 b5 24. Bb3 Be6 25. Raf1 a5 26. Nf4 a4 27. Bxd5 cxd5 28. Nxe6 Rxe6 29. Rf7 Rb8 30. Rd7 Ra8 31. Rxd5 b4 32. Rc1 a3 33. b3 Rf8 34. Rc7 Rb8 35. Rdd7 g5 36. d5 Rxe5 37. Kf2 Rf8+ 38. Kg3 Re3+ 39. Kg4 Rf4+ 40. Kh5 Rh4+ 41. Kg6 Re8 42. Rg7+ Kh8 43. Rh7+ Kg8 44. Rcg7+ Kf8 45. Rh8# 1-0

[Event "GER-ch U25-B"]
[Site "Willingen"]
[Date "2017.06.08"]
[Round "7"]
[White "Kobald, Pierre"]
[Black "Kiefhaber, Tobias"]
[Result "1/2-1/2"]
[WhiteElo "1287"]
[BlackElo "1093"]
[PlyCount "40"]
[EventDate "2017.06.04"]
[EventType "swiss"]
[EventRounds "9"]
[EventCountry "GER"]
[SourceTitle "CBM 178 Extra"]
[Source "ChessBase"]
[SourceDate "2017.06.22"]
[SourceVersion "1"]
[SourceVersionDate "2017.06.22"]
[SourceQuality "1"]

1. e4 c6 2. d4 d5 3. exd5 cxd5 4. Bd3 Nf6 5. Nf3 Bg4 6. 0-0 e6 7. Bf4 Bd6 8. Bxd6 Qxd6 9. c3 0-0 10. h3 Bh5 11. Nbd2 Nc6 12. Qe2 Rfe8 13. Bb5 Re7 14. Qd3 Rae8 15. Bxc6 bxc6 16. Ne5 Nd7 17. Rae1 f6 18. Nxd7 Qxd7 19. Re3 e5 20. Rfe1 e4 1/2-1/2

[Event "GER-ch U25-B"]
[Site "Willingen"]
[Date "2017.06.06"]
[Round "4"]
[White "Kiefhaber, Tobias"]
[Black "Chouiki, Tarek"]
[Result "1/2-1/2"]
[WhiteElo "1093"]
[BlackElo "1181"]
[PlyCount "71"]
[EventDate "2017.06.04"]
[EventType "swiss"]
[EventRounds "9"]
[EventCountry "GER"]
[SourceTitle "CBM 178 Extra"]
[Source "ChessBase"]
[SourceDate "2017.06.22"]
[SourceVersion "1"]
[SourceVersionDate "2017.06.22"]
[SourceQuality "1"]

1. d4 c6 2. c4 d5 3. Nc3 dxc4 4. e4 Qc7 5. Bxc4 e5 6. d5 h6 7. Nf3 Nf6 8. 0-0 cxd5 9. Bxd5 a6 10. Be3 Nbd7 11. Qb3 Nc5 12. Qc4 b5 13. Qe2 Rb8 14. Rad1 b4 15. Nb1 Bd7 16. Qd2 Rd8 17. Rc1 Be6 18. Nxe5 Qxe5 19. Bxc5 Nxe4 20. Bc6+ Bd7 21. Bxd7+ Rxd7 22. Qxb4 Bxc5 23. Rxc5 Qxc5 24. Qxe4+ Qe7 25. Qa8+ Rd8 26. Qc6+ Kf8 27. Qxa6 Qd6 28. Qxd6+ Rxd6 29. h3 f6 30. Rc1 Ke7 31. a4 Rhd8 32. Nc3 Rc8 33. Nd5+ Kd8 34. Rxc8+ Kxc8 35. Nc3 Rb6 36. Nb5 1/2-1/2

[Event "GER-chT U10"]
[Site "Magdeburg"]
[Date "2016.12.29"]
[Round "7.2"]
[White "Bildat, Emilia"]
[Black "Kiefhaber, Tobias"]
[Result "1-0"]
[WhiteElo "1097"]
[BlackElo "1130"]
[PlyCount "81"]
[EventDate "2016.12.27"]
[EventType "team-swiss"]
[EventRounds "7"]
[EventCountry "GER"]
[SourceTitle "EXT 2018"]
[Source "ChessBase"]
[SourceDate "2017.10.13"]
[SourceVersion "1"]
[SourceVersionDate "2017.10.13"]
[SourceQuality "1"]
[WhiteTeam "Lueneburg Turm"]
[BlackTeam "Karlsruhe SF"]
[WhiteTeamCountry "GER"]
[BlackTeamCountry "GER"]

1. d4 d5 2. Bf4 Nc6 3. e3 Nf6 4. Nf3 Bg4 5. Nbd2 e6 6. h3 Bh5 7. Be2 Bd6 8. Ne5 Bxe2 9. Qxe2 0-0 10. 0-0-0 Re8 11. g4 Bxe5 12. dxe5 Nd7 13. Nf3 f6 14. exf6 Nxf6 15. g5 Nh5 16. Bh2 h6 17. gxh6 gxh6 18. Ne5 Nf6 19. Rhg1+ Kf8 20. Ng6+ Kf7 21. e4 Rg8 22. Ne5+ Ke7 23. exd5 Nxd5 24. c4 Rxg1 25. Bxg1 Nf4 26. Ng6+ Nxg6 27. Rxd8 Rxd8 28. Qh5 Nf4 29. Qh4+ Ke8 30. Qxf4 Nd4 31. Qe3 Ke7 32. Bh2 Rd7 33. Qxh6 Ne2+ 34. Kc2 Nd4+ 35. Kc3 Ne2+ 36. Kb4 a5+ 37. Kxa5 b6+ 38. Ka6 b5 39. Qg5+ Kf7 40. Qh5+ Kg7 41. Qxe2 1-0

[Event "GER-chT U10"]
[Site "Magdeburg"]
[Date "2016.12.27"]
[Round "1.1"]
[White "Kiefhaber, Tobias"]
[Black "Behr, Julian"]
[Result "1-0"]
[WhiteElo "1130"]
[BlackElo "1023"]
[PlyCount "70"]
[EventDate "2016.12.27"]
[EventType "team-swiss"]
[EventRounds "7"]
[EventCountry "GER"]
[SourceTitle "EXT 2018"]
[Source "ChessBase"]
[SourceDate "2017.10.13"]
[SourceVersion "1"]
[SourceVersionDate "2017.10.13"]
[SourceQuality "1"]
[WhiteTeam "Karlsruhe SF"]
[BlackTeam "Landskrone"]
[WhiteTeamCountry "GER"]
[BlackTeamCountry "GER"]

1. e4 e5 2. Nf3 Nc6 3. Bc4 Nf6 4. Ng5 d5 5. exd5 Nxd5 6. Nxf7 Kxf7 7. Qf3+ Ke6 8. Nc3 Bb4 9. Bxd5+ Kd6 10. Bxc6 bxc6 11. 0-0 Rf8 12. Ne4+ Ke7 13. Qh5 Bf5 14. Qh4+ Ke8 15. Qxd8+ Kxd8 16. Ng3 Bxc2 17. Re1 Re8 18. a3 Ba5 19. b4 Bb6 20. Nh5 g6 21. Nf6 Re7 22. Ng8 Re6 23. Nh6 Kc8 24. Bb2 Kb7 25. Rxe5 Rd8 26. Bc3 Rf8 27. Re2 g5 28. Bg7 Rd8 29. Nf7 Rxd2 30. Nd8+ Rxd8 31. Bb2 g4 32. g3 Rf8 33. Ree1 Rf7 34. Re4 h5 35. Re2 a6 1-0